<?xml version="1.0" encoding="UTF-8"?>
<record
    xmlns:xsi="http://www.w3.org/2001/XMLSchema-instance"
    xsi:schemaLocation="http://www.loc.gov/MARC21/slim http://www.loc.gov/standards/marcxml/schema/MARC21slim.xsd"
    xmlns="http://www.loc.gov/MARC21/slim">

  <leader>00939    a2200289   4500</leader>
  <controlfield tag="003">OSt</controlfield>
  <controlfield tag="005">20230323102847.0</controlfield>
  <controlfield tag="008">220727s2018    sz a||||r|||| 00| 0 eng d</controlfield>
  <datafield tag="020" ind1=" " ind2=" ">
    <subfield code="a">9783319759098</subfield>
  </datafield>
  <datafield tag="040" ind1=" " ind2=" ">
    <subfield code="c">CHAP</subfield>
  </datafield>
  <datafield tag="082" ind1="0" ind2="0">
    <subfield code="a">575.54</subfield>
    <subfield code="b">R67</subfield>
    <subfield code="2">22</subfield>
  </datafield>
  <datafield tag="245" ind1="0" ind2="0">
    <subfield code="a">Root biology /</subfield>
    <subfield code="c">editado por Bhoopander Giri, Ram Prasad y Ajit Varma.</subfield>
  </datafield>
  <datafield tag="264" ind1=" " ind2="1">
    <subfield code="a">Cham, Switzerland :</subfield>
    <subfield code="b">Sprinter, </subfield>
    <subfield code="c">2018.</subfield>
  </datafield>
  <datafield tag="300" ind1=" " ind2=" ">
    <subfield code="a">xi, 519 p&#xE1;ginas.</subfield>
    <subfield code="b">tablas, figuras.</subfield>
  </datafield>
  <datafield tag="490" ind1="1" ind2=" ">
    <subfield code="a">Soil biology</subfield>
  </datafield>
  <datafield tag="504" ind1=" " ind2=" ">
    <subfield code="a">Incluye referencias.</subfield>
  </datafield>
  <datafield tag="650" ind1=" " ind2="2">
    <subfield code="9">94671</subfield>
    <subfield code="a">Ra&#xED;ces</subfield>
    <subfield code="x">Anatom&#xED;a</subfield>
  </datafield>
  <datafield tag="650" ind1=" " ind2="2">
    <subfield code="9">94672</subfield>
    <subfield code="a">Ra&#xED;ces</subfield>
    <subfield code="x">Crecimiento</subfield>
  </datafield>
  <datafield tag="650" ind1=" " ind2="2">
    <subfield code="9">94675</subfield>
    <subfield code="a">Ra&#xED;ces</subfield>
    <subfield code="x">Fisiolog&#xED;a y morfolog&#xED;a</subfield>
  </datafield>
  <datafield tag="650" ind1=" " ind2="2">
    <subfield code="9">94673</subfield>
    <subfield code="a">Ra&#xED;ces</subfield>
    <subfield code="x">Enfermedades</subfield>
  </datafield>
  <datafield tag="650" ind1=" " ind2="2">
    <subfield code="9">144108</subfield>
    <subfield code="a">Conservaci&#xF3;n de suelos </subfield>
  </datafield>
  <datafield tag="700" ind1="1" ind2=" ">
    <subfield code="9">186500</subfield>
    <subfield code="a">Giri, Bhoopander</subfield>
    <subfield code="e">Editor.</subfield>
  </datafield>
  <datafield tag="700" ind1="1" ind2=" ">
    <subfield code="9">186501</subfield>
    <subfield code="a">Prasad, Ram</subfield>
    <subfield code="e">Editor.</subfield>
  </datafield>
  <datafield tag="700" ind1="1" ind2=" ">
    <subfield code="9">186502</subfield>
    <subfield code="a">Varma, Ajit</subfield>
    <subfield code="e">Editor.</subfield>
  </datafield>
  <datafield tag="830" ind1="1" ind2=" ">
    <subfield code="9">186503</subfield>
    <subfield code="a">Soil biology</subfield>
  </datafield>
  <datafield tag="942" ind1=" " ind2=" ">
    <subfield code="2">ddc</subfield>
    <subfield code="c">LIBRO</subfield>
  </datafield>
  <datafield tag="999" ind1=" " ind2=" ">
    <subfield code="c">217371</subfield>
    <subfield code="d">217371</subfield>
  </datafield>
  <datafield tag="952" ind1=" " ind2=" ">
    <subfield code="0">0</subfield>
    <subfield code="1">0</subfield>
    <subfield code="2">ddc</subfield>
    <subfield code="4">0</subfield>
    <subfield code="5">2</subfield>
    <subfield code="7">0</subfield>
    <subfield code="8">GRAL</subfield>
    <subfield code="a">BC</subfield>
    <subfield code="b">BC</subfield>
    <subfield code="c">PA_GRAL</subfield>
    <subfield code="d">2023-03-22</subfield>
    <subfield code="l">1</subfield>
    <subfield code="o">575.54 R67</subfield>
    <subfield code="p">33724002566347</subfield>
    <subfield code="r">2024-04-09 00:00:00</subfield>
    <subfield code="s">2024-03-22</subfield>
    <subfield code="w">2023-03-22</subfield>
    <subfield code="y">LIBRO</subfield>
  </datafield>
  <datafield tag="952" ind1=" " ind2=" ">
    <subfield code="0">0</subfield>
    <subfield code="1">0</subfield>
    <subfield code="2">ddc</subfield>
    <subfield code="4">0</subfield>
    <subfield code="5">2</subfield>
    <subfield code="7">0</subfield>
    <subfield code="8">GRAL</subfield>
    <subfield code="a">BC</subfield>
    <subfield code="b">BC</subfield>
    <subfield code="c">PA_GRAL</subfield>
    <subfield code="d">2023-03-22</subfield>
    <subfield code="l">0</subfield>
    <subfield code="o">575.54 R67</subfield>
    <subfield code="p">33724002566389</subfield>
    <subfield code="r">2023-03-22 00:00:00</subfield>
    <subfield code="t">c.2</subfield>
    <subfield code="w">2023-03-22</subfield>
    <subfield code="y">LIBRO</subfield>
  </datafield>
</record>
